000 00821nac a22002777a 4500
001 BR8701630
003 BR-BrBNA
005 20240105120502.0
008 230509b bl.|||m| |||| 00| 0 por d
040 _aBR-BrBNA
_bpor
_cBiblioteca Nacional de Agricultura
072 _aP01; C20
090 _aP01 BR8701630
100 1 _aLago, L.
100 1 _aVale, L.C.C.
100 1 _aLeite, O.L.V.
110 1 _aInstituto Estadual de Florestas, Belo Horizonte, MG (Brasil)
_96336
245 1 _aSua terra precisa de cuidados
260 3 _aBelo Horizonte, MG (Brasil):
_c1985.
300 _a7 p.
490 _aSerie Educativa IEF (Brazil)
_vno. 1
_x
500 _a20 illus.
650 _aPRESERVACAO DA NATUREZA
650 _aEXTENSAO RURAL
909 _a202312
_bLúcia Elande
_c55
_dLúcia Elande
942 _2AGRIS
_n0
_cMS
999 _c279695
_d279695